FC 25 Future Stars - Statistics

General Stats
  • This quiz has been taken 22 times
  • The average score is 16 of 85
Answer Stats
rat pos clu plaeyr % Correct
Future Stars 94 RW FC Barcelona Lamine Yamal
100%
Future Stars 93 ST Real Madrid Endrick
86%
Future Stars 92 RM Manchester United Amad Diallo
64%
Future Stars 92 LW Paris Saint-Germain Bradley Barcola
57%
Future Stars 91 LM Borussia Dortmund Jamie Bynoe-Gittens
57%
Future Stars 91 CB Manchester United Leny Yoro
57%
Future Stars 91 ST RB Leipzig Benjamin Šeško
50%
Future Stars 91 CM Paris Saint-Germain João Neves
50%
Future Stars Icon 93 GK Russia Lev Yashin
50%
Future Stars Icon 94 RW Brazil Garrincha
43%
Future Stars 90 CAM/LM Aston Villa Morgan Rogers
43%
Future Stars 90 CB FC Barcelona Pau Cubarsí
43%
Future Stars 88 RB Liverpool Conor Bradley
36%
Future Stars 89 ST Eintracht Frankfurt Hugo Ekitiké
36%
Future Stars Icon 96 CAM Netherlands Johan Cruyff
36%
Future Stars 90 LW/CAM Juventus Kenan Yıldız
36%
Future Stars Icon 94 ST Cameroon Samuel Eto'o
36%
Future Stars 89 CDM Bayern Munich Aleksandar Pavlović
29%
Future Stars Icon 94 ST England Bobby Charlton
29%
Future Stars Icon 89 ST Sweden Henrik Larsson
29%
Future Stars 87 CM Eintracht Frankfurt Hugo Larsson
29%
Future Stars 88 GK Lille Lucas Chevalier
29%
Future Stars 89 LB Bournemouth Milos Kerkez
29%
Future Stars Icon 92 CB England Rio Ferdinand
29%
Future Stars 87 LM Villarreal Álex Baena
21%
Future Stars Icon 90 ST Spain Fernando Torres
21%
Future Stars Icon 91 RW Northern Ireland George Best
21%
Future Stars 90 CB Paris Saint-Germain Lucas Beraldo
21%
Future Stars 87 CM Tottenham Hotspur Lucas Bergvall
21%
Future Stars 90 ST Man City Women Mary Fowler
21%
Future Stars Icon 89 GK Czech Republic Petr Čech
21%
Future Stars 89 CB Bayer Leverkusen Piero Hincapié
21%
Future Stars 89 CDM Chelsea Roméo Lavia
21%
Future Stars 88 CB Manchester City Abdukodir Khusanov
14%
Future Stars Icon 91 ST England Alan Shearer
14%
Future Stars Icon 91 CM Italy Andrea Pirlo
14%
Future Stars Academy 80 CDM RB Leipzig Arthur Vermeeren
14%
Future Stars Academy 80 RW Arsenal Ethan Nwaneri
14%
Future Stars 91 LW Madrid Femenino Linda Caicedo
14%
Future Stars Icon 91 ST Sweden Lotta Schelin
14%
Future Stars Icon 91 RW Portugal Luís Figo
14%
Future Stars 87 CB AC Milan Malick Thiaw
14%
Future Stars 89 LB Girona Miguel Gutiérrez
14%
Future Stars 88 CB Nottingham Forest Murillo
14%
Future Stars 89 ST AC Milan Santiago Giménez
14%
Future Stars Icon 90 CB Italy Alessandro Nesta
7%
Future Stars 87 CAM Leicester City Bilal El Khannouss
7%
Future Stars Icon 91 CB England Bobby Moore
7%
Future Stars 88 GK Barça Femení Cata Coll
7%
Future Stars Icon 92 ST Spain Emilio Butragueño
7%
Future Stars Icon 90 CM England Frank Lampard
7%
Future Stars 88 CB Atalanta Giorgio Scalvini
7%
Future Stars Academy 80 ST Atlético Madrid Giuliano Simeone
7%
Future Stars 87 CM Torino Ivan Ilić
7%
Future Stars Academy 80 RB Hellas Verona Jackson Tchatchoua
7%
Future Stars 88 CM Wolves João Gomes
7%
Future Stars Icon 90 ST Netherlands Justin Kluivert
7%
Future Stars 89 CM Ajax Kenneth Taylor
7%
Future Stars Academy 80 CB Genoa Koni De Winter
7%
Future Stars Academy 80 LB Newcastle Lewis Hall
7%
Future Stars Academy 80 ST Chelsea Marc Guiu
7%
Future Stars Academy 80 CAM Al Hilal Marcos Leonardo
7%
Future Stars 89 ST/LW OL Féminin Melchie Dumornay
7%
Future Stars Academy 80 ST Chelsea Women Mia Fishel
7%
Future Stars Academy 80 CB Las Palmas Mika Mármol
7%
Future Stars Academy 80 CM AS Roma Niccolò Pisilli
7%
Future Stars 88 CDM Chelsea Women Oriane Jean-François
7%
Future Stars Icon 90 ST Netherlands Robin van Persie
7%
Future Stars Icon 90 CDM Spain Xabi Alonso
7%
Future Stars Academy 80 LW Angel City Alyssa Thompson
0%
Future Stars 87 CM Strasbourg Andrey Santos
0%
Future Stars Academy 80 RW Valencia Femenino Asun Martínez
0%
Future Stars 87 CB Toulouse Charlie Cresswell
0%
Future Stars 89 ST Washington Spirit Croix Bethune
0%
Future Stars 87 ST Man United Women Elisabeth Terland
0%
Future Stars 87 ST Eintracht Frankfurt Elye Wahi
0%
Future Stars 88 RW Man City Women Jess Park
0%
Future Stars 89 LM Angel City Julie Dufour
0%
Future Stars 87 LM Paris FC Féminines Kessya Bussy
0%
Future Stars 88 CDM Arsenal Women Kyra Cooney-Cross
0%
Future Stars 87 LB Villa Women Paula Tomás
0%
Future Stars Academy 80 CM Monchengladbach Rocco Reitz
0%
Future Stars 89 RW Washington Spirit Rosemonde Kouassi
0%
Future Stars Academy 80 LW AZ Alkmaar Ruben van Bommel
0%
Future Stars 87 RW Wolfsburg Frauen Sveindís Jane Jónsdóttir
0%
No matching quizzes found
Score Distribution
Percent of People with Each Score
Percentile by Number Answered
Your Score History
You have not taken this quiz